Countries, US States, Capitals, Elements, 100 Most Common Words: A + B + xy = C #7 - Statistics

General Stats
  • This quiz has been taken 38 times
  • The average score is 25 of 40
Answer Stats
ANSWER % Correct
Cuba
100%
Our
100%
Out
100%
She
100%
Tonga
100%
And
96%
Malé
96%
One
96%
Sudan
96%
Use
96%
Come
86%
Year
86%
Russia
82%
b
61%
Bucharest
61%
e
61%
Iodine
61%
b
57%
d
57%
Macedonia
57%
p
57%
r
57%
South Sudan
57%
Baton Rouge
54%
r
54%
s
54%
Osmium
50%
a
43%
e
43%
Jerusalem
43%
Buenos Aires
36%
j
36%
t
36%
i
32%
p
32%
Praseodymium
32%
Sacramento
32%
h
21%
p
21%
São Tomé and Príncipe
21%
No matching quizzes found
Score Distribution
Percent of People with Each Score
Percentile by Number Answered
Your Score History
You have not taken this quiz